| 000 | 00611nam a2200181Ia 4500 | ||
|---|---|---|---|
| 008 | 100921s9999 xx 000 0 und d | ||
| 082 |
_b9448 _a891.462 थ 71 |
||
| 100 | _aबेडेकर विश्राम. | ||
| 245 | _aवाजे पाऊल आपुले. | ||
| 260 |
_bसाधना प्रकाशन,पुणे. _c1971 |
||
| 300 |
_a80 _b--- |
||
| 365 | _b4 | ||
| 520 | _aललित-नाटके. | ||
| 630 | _aवाजे पाऊल आपुले. | ||
| 650 | _aललित-नाटके. | ||
| 730 | _aवाजे पाऊल आपुले. | ||
| 942 | _cBOOK | ||
| 999 |
_c758561 _d758558 |
||